00585nam a2200169Ia 4500020001800000082002000018100002400038245007000062260003800132300001600170504001900186650002900205650005200234650002400286650005500310650005000365 a81-85495-70-0 a306.60954 OMA-; aOman, John Campbell 0aReligious festivals and caste system in India during 19th century aNew DelhibKhama Publishersc2003 aviii, 302p. aIncludes index aSocial reformers - India aFasts and feasts - Islam - India - 19th century aReligious festivals aFasts and feasts - Hinduism - India - 19th century aSocial classes - Caste - India - 19th century